[Event "Boris Kostic CC-ch"]
[Site "Vrsac"]
[Date "2018.03.31"]
[Round "18"]
[White "Grujic, Slavoljub"]
[Black "Milic, Ilija"]
[Result "1-0"]
[WhiteElo "2124"]
[BlackElo "1838"]
[PlyCount "75"]
[EventDate "2018.03.01"]
[EventType "tourn"]
[EventRounds "18"]
[EventCountry "SRB"]
[SourceTitle "EXT 2019"]
[Source "ChessBase"]
[SourceDate "2018.10.10"]
[SourceVersion "1"]
[SourceVersionDate "2018.10.10"]
[SourceQuality "1"]

1. c4 g6 2. Nc3 Bg7 3. g3 Nf6 4. Bg2 d6 5. e3 c5 6. Nge2 Nc6 7. b3 Nb4 8. d3 Bf5 9. e4 Bg4 10. f3 Bd7 11. Be3 0-0 12. Qd2 Rb8 13. g4 e6 14. Ng3 b6 15. h4 d5 16. Bf4 e5 17. Bg5 h6 18. Bxf6 Bxf6 19. exd5 Bxh4 20. Qxh6 Qg5 21. Rxh4 Nc2+ 22. Kd1 Qxh6 23. Rxh6 Nxa1 24. Rh1 Kg7 25. Kd2 Rh8 26. Rxa1 Rh2 27. Rg1 f5 28. Nf1 Rh7 29. gxf5 gxf5 30. Ne2 Kf6 31. f4 Rg8 32. Ke3 Rhg7 33. Kf2 exf4 34. Nxf4 Ke5 35. Ne2 Be8 36. Nfg3 f4 37. Ne4 f3 38. Bxf3 1-0

[Event "Boris Kostic CC-ch"]
[Site "Vrsac"]
[Date "2018.03.28"]
[Round "17"]
[White "Milic, Ilija"]
[Black "Voina, Pau"]
[Result "1-0"]
[WhiteElo "1838"]
[BlackElo "2038"]
[PlyCount "67"]
[EventDate "2018.03.01"]
[EventType "tourn"]
[EventRounds "18"]
[EventCountry "SRB"]
[SourceTitle "EXT 2019"]
[Source "ChessBase"]
[SourceDate "2018.10.10"]
[SourceVersion "1"]
[SourceVersionDate "2018.10.10"]
[SourceQuality "1"]

1. c4 Nf6 2. g3 d5 3. cxd5 Qxd5 4. Nf3 e5 5. Nc3 Qc5 6. d3 Nc6 7. Bg2 Bg4 8. Be3 Qb4 9. 0-0 Qxb2 10. Na4 Qa3 11. Rb1 Bd7 12. Bc1 Qd6 13. Rxb7 Nd5 14. Nb2 Na5 15. Nc4 Qa6 16. Rb1 Be6 17. Nfxe5 Bd6 18. Bb2 0-0 19. Nf3 Rab8 20. Nd4 Rb4 21. Nxe6 fxe6 22. Ba1 Rfb8 23. Rxb4 Bxb4 24. Qc2 Bd6 25. Rb1 Re8 26. Ne3 Nb4 27. Qa4 c6 28. a3 Nd5 29. Nxd5 exd5 30. Bxd5+ Kf8 31. Bc4 Qc8 32. Qxa5 Rxe2 33. Qh5 Qe8 34. Qf3+ 1-0

[Event "Boris Kostic CC-ch"]
[Site "Vrsac"]
[Date "2018.03.14"]
[Round "9"]
[White "Milic, Ilija"]
[Black "Grujic, Slavoljub"]
[Result "1-0"]
[WhiteElo "1838"]
[BlackElo "2124"]
[PlyCount "95"]
[EventDate "2018.03.01"]
[EventType "tourn"]
[EventRounds "18"]
[EventCountry "SRB"]
[SourceTitle "EXT 2019"]
[Source "ChessBase"]
[SourceDate "2018.10.10"]
[SourceVersion "1"]
[SourceVersionDate "2018.10.10"]
[SourceQuality "1"]

1. c4 e6 2. g3 Nf6 3. Bg2 Nc6 4. Nf3 b6 5. Nc3 Bb4 6. a3 Be7 7. 0-0 Bb7 8. d4 d5 9. cxd5 exd5 10. Qa4 0-0 11. Bf4 Na5 12. Nd2 Bc6 13. Qc2 Bb7 14. b4 Nc6 15. Nb3 a6 16. b5 Nb8 17. a4 h6 18. Rfc1 Bd6 19. Be5 Nbd7 20. Bxd6 cxd6 21. bxa6 Rxa6 22. Nb5 Ne8 23. Nc7 Nxc7 24. Qxc7 Ba8 25. Qxd6 Nf6 26. Qc7 Qe8 27. e3 Rxa4 28. Qxb6 Rxa1 29. Rxa1 Qc8 30. Nc5 Qf5 31. Na6 Qd7 32. Nc7 Bc6 33. Ra6 Ba4 34. Nxd5 Nxd5 35. Bxd5 Bb5 36. Bc6 Bxc6 37. Qxc6 Qg4 38. Ra8 g6 39. Rxf8+ Kxf8 40. Qd6+ Kg8 41. Qe5 Qd1+ 42. Kg2 g5 43. h3 Kh7 44. d5 Kg6 45. e4 f6 46. Qe6 Qd3 47. Qg8+ Kh5 48. Qf7# 1-0

[Event "SRB-ch U16"]
[Site "Kragujevac"]
[Date "2016.05.06"]
[Round "7"]
[White "Milic, Ilija"]
[Black "Krstic, Milos D"]
[Result "0-1"]
[WhiteElo "1672"]
[BlackElo "1981"]
[PlyCount "92"]
[EventDate "2016.05.02"]
[EventType "tourn"]
[EventRounds "9"]
[EventCountry "SRB"]
[SourceTitle "CBM 172 Extra"]
[Source "ChessBase"]
[SourceDate "2016.06.21"]
[SourceVersion "1"]
[SourceVersionDate "2016.06.21"]
[SourceQuality "1"]

1. d4 Nf6 2. e3 d5 3. Bd3 e6 4. f4 c5 5. c3 Nc6 6. Nf3 cxd4 7. exd4 Bd6 8. 0-0 0-0 9. Qe1 Ne7 10. Ne5 Ng6 11. Nd2 Nd7 12. Ndf3 Be7 13. Nxg6 hxg6 14. Ne5 Nf6 15. Rf3 Qc7 16. Rh3 b6 17. g4 Nxg4 18. Nxg4 e5 19. Be2 exf4 20. Rd3 Bf5 21. Rd1 Rfe8 22. Qf1 g5 23. h3 Be4 24. Bf3 Bd6 25. Qg2 f5 26. Nf2 Be7 27. Bd2 Bf6 28. Rac1 b5 29. b3 Qb7 30. Re1 Rac8 31. Nd3 Qa6 32. Nb4 Qd6 33. Nxd5 Qxd5 34. Rf1 Rcd8 35. Rcd1 b4 36. Qf2 bxc3 37. Bxc3 Rc8 38. Ba1 Bxf3 39. Qxf3 Qxf3 40. Rxf3 Rc2 41. a3 Ree2 42. d5 Bxa1 43. Rxa1 Red2 44. Kf1 Rh2 45. Kg1 Rhg2+ 46. Kf1 Rg3 0-1

[Event "SRB-ch U16"]
[Site "Kragujevac"]
[Date "2016.05.04"]
[Round "4"]
[White "Radojkovic, Stefan"]
[Black "Milic, Ilija"]
[Result "1-0"]
[WhiteElo "1928"]
[BlackElo "1672"]
[PlyCount "51"]
[EventDate "2016.05.02"]
[EventType "tourn"]
[EventRounds "9"]
[EventCountry "SRB"]
[SourceTitle "CBM 172 Extra"]
[Source "ChessBase"]
[SourceDate "2016.06.21"]
[SourceVersion "1"]
[SourceVersionDate "2016.06.21"]
[SourceQuality "1"]

1. e4 e5 2. Nf3 Nc6 3. Nc3 Nf6 4. Bb5 Bc5 5. d3 h6 6. 0-0 d6 7. h3 a6 8. Bxc6+ bxc6 9. Be3 Bxe3 10. fxe3 c5 11. Qe1 0-0 12. Nh4 c6 13. Nf5 Bxf5 14. Rxf5 Rb8 15. b3 Qe7 16. Qg3 Rfe8 17. Raf1 Kh7 18. Qh2 Rb7 19. g4 Ng8 20. Qf2 Rf8 21. d4 cxd4 22. exd4 exd4 23. Qxd4 a5 24. Rxa5 c5 25. Qd3 Nf6 26. e5+ 1-0